ბათუმის შოთა რუსთაველის სახელმწიფო უნივერსიტეტის ბიბლიოთეკა

იმერული დიალექტის სალექსიკონო მასალა / (ბიბ.ჩანაწერი № 52909)

000 -ლიდერი
ფიქსირებული სიგრძის საკონტროლო ველი 01241nam a2200265Ia 4500
001 - საკონტროლო ნომერი
საკონტროლო ველი 19939
003 - საკონტროლო ნომრის იდენტიფიკატორი
საკონტროლო ველი GE_BSU
005 - ბოლო ოპერაციის თარიღი და დრო
საკონტროლო ველი 20250130123516.0
008 - ფიქსირებული სიგრძის მონაცემთა ელემენტები - ზოგადი ინფორმაცია
ფიქსირებული სიგრძის საკონტროლო ველი 181216s1976||||ge |||||||||||||| ||geo||
040 ## - კატალოგიზაციის წყარო
Transcribing agency GE_BSU
041 ## - ენის კოდი
Language code of text/sound track or separate title geo
080 ## - უნივერსალური ათობითი კლასიფიკაციის ინდექსი
Universal Decimal Classification number 81'374(038)+811.353.1 გ-23
100 ## - მთავარი ჩანაწერი - პიროვნების სახელი
Personal name გაჩეჩილაძე, პ.
9 (RLIN) 2926
245 ## - ცნობა სათაურის შესახებ
Title იმერული დიალექტის სალექსიკონო მასალა /
Statement of responsibility, etc პ. გაჩეჩილაძე ; რედაქტორი : ა. კიზირია, მ. ქალდანი.
264 ## - წარმოების, გამოცემის, დისტრიბუციის და სხვა ცნობები
გამოცემის, წარმოების, დისტრიბუციის... ადგილი თბილისი :
გამოცემის, წარმოების, დისტრიბუციის... სახელწოდება მეცნიერება,
გამოცემის, წარმოების, დისტრიბუციის... თარიღი 1976.
300 ## - ფიზიკური აღწერა
Extent 182 გვ. ;
Dimensions 22 სმ
653 ## - INDEX TERM--UNCONTROLLED
Uncontrolled term ქართული ენა
653 ## - INDEX TERM--UNCONTROLLED
Uncontrolled term ქართული ენის დიალექტები
653 ## - INDEX TERM--UNCONTROLLED
Uncontrolled term იმერული დიალექტის სალექსიკონო მასალა
700 ## - ADDED ENTRY--PERSONAL NAME
Personal name კიზირია, ა.
Relator term რედაქტორი
9 (RLIN) 8068
700 ## - ADDED ENTRY--PERSONAL NAME
Personal name მ. ქალდანი
Relator term რედაქტორი
9 (RLIN) 8069
710 ## - ADDED ENTRY--CORPORATE NAME
Corporate name or jurisdiction name as entry element ენათმეცნიერების ინსტიტუტი
9 (RLIN) 8070
942 ## - ADDED ENTRY ELEMENTS (KOHA)
Koha item type წიგნი
Source of classification or shelving scheme
ეგზემპლარები
ჩამოწერის სტატუსი დაკარგული ეგზემპლარის სტატუსი კლასიფიკაციის წყარო ან თაროზე გაწყობის სქემა დაზიანების სტატუსი არ გაიცემა მუდმივი მდებარეობა (დაცვის ადგილი) ამჟამინდელი ადგილსამყოფელი თაროზე განთავსების ადგილი შეძენის თარიღი ღირებულება, შესყიდვის ნორმალური ფასი სრული შენახვის შიფრი შტრიხკოდი ბოლო ოპერაციის თარიღი ეგზემპლარის მიმდევრობითი ნომერი (კეტერი?) ფასის ძალაში შესვლის თარიღი ეგზემპლარის სახეობა საჯარო შენიშვნა
          ბათუმის შოთა რუსთაველის სახელმწიფო უნივერსიტეტის მთავარი ბიბლიოთეკა ბათუმის შოთა რუსთაველის სახელმწიფო უნივერსიტეტის მთავარი ბიბლიოთეკა წიგნსაცავი 2018-12-17 3.00 81'374(038)+811.353.1 გ-23 52468 2018-12-17 52468 2018-12-17 წიგნი 3.00 ლ